Missing Word: 'Thing' Songs Quiz Stats

Quiz Updated Jan 28, 2015

Challenge
Share
Tweet
Embed
Score 0/22 Timer 03:00
0 Plays Today
Song Title Word % Correct
I'd Do Anything for Love (But I Won't Do ____)That
94.2%
Nothing ____ ForeverLasts
82.6%
Anything Could _____Happen
80.5%
Nothing Else ____Matters
78.9%
____ or NothingAll
77%
____ For NothingMoney
69.9%
Nothing ____ 2 UCompares
69.4%
Nothing As It _____Seems
66.8%
____ Me EverythingGive
66.2%
____ Give Me SomethingYou
64.9%
I ____ Everything About YouHate
64.5%
Song Title Word % Correct
Tell Me Something ____Good
63.7%
Everything You ____Want
52.9%
I ____ NothingHave
44.2%
Nothing Left to ____Lose
36.2%
Something's Always ____Wrong
28.4%
____ of AnythingKing
18.6%
____ NothingSweet
12.1%
Everything to _____Everyone
10.3%
Anything But ____Mine
5.7%
Something Good Can ____Work
4.8%
Everything is ____Broken
4.8%

Today's Daily Dose

You're not logged in!

Compare scores with friends on all Sporcle quizzes.
Sign Up with Email
OR
Log In

You Might Also Like...

Show Comments

Extras

Top Quizzes Today


Score Distribution

Your Account Isn't Verified!

In order to create a playlist on Sporcle, you need to verify the email address you used during registration. Go to your Sporcle Settings to finish the process.